Can you name every Disney Channel Original Movie? - Statistics

General Stats
  • This quiz has been taken 75 times
    56 since last reset
  • The average score is 39 of 120
Answer Stats
Year Answer % Correct
2015 Descendants
90%
2018 Zombies
90%
2017 Descendants 2
83%
2006 High School Musical
83%
2019 Descendants 3
79%
2007 High School Musical 2
79%
2020 Zombies 2
79%
2022 Zombies 3
79%
2008 Camp Rock
76%
2010 Camp Rock 2: The Final Jam
76%
2024 Descendants: The Rise of Red
66%
1998 Halloweentown
66%
2015 Teen Beach 2
66%
2025 Zombies 4: Dawn of the Vampires
66%
2011 Lemonade Mouth
62%
2013 Teen Beach Movie
62%
2009 Wizards of Waverly Place: The Movie
62%
2014 Cloud 9
59%
2009 Princess Protection Program
59%
2014 Zapped
59%
1999 Zenon: Girl of the 21st Century
59%
2012 Girl vs. Monster
55%
2010 Starstruck
55%
2003 The Cheetah Girls
55%
2001 Halloweentown II: Kalabar's Revenge
52%
2014 How to Build a Better Boy
52%
2012 Frenemies
48%
2011 Geek Charming
48%
2011 Good Luck Charlie, It's Christmas!
48%
2004 Halloweentown High
48%
2019 Kim Possible
48%
2006 The Cheetah Girls 2
48%
2008 The Cheetah Girls: One World
48%
2011 The Suite Life Movie
48%
2005 Twitches
48%
2006 Wendy Wu: Homecoming Warrior
48%
2004 Zenon: Z3
48%
2007 Twitches Too
45%
2001 Zenon: The Zequel
45%
2012 Let It Shine
41%
1999 Smart House
41%
2016 Adventures in Babysitting
38%
2015 Bad Hair Day
38%
2015 Invisible Sister
38%
2007 Jump In!
38%
2006 Return to Halloweentown
38%
2010 Den Brother
34%
2012 Radio Rebel
34%
2006 Read it and Weep
34%
2001 The Luck of the Irish
34%
2016 The Swap
34%
1999 Johnny Tsunami
31%
2011 Sharpay's Fabulous Adventure
31%
2004 Stuck in the Suburbs
31%
2010 Avalon High
28%
2002 Cadet Kelly
28%
2006 Cow Belles
28%
2009 Dadnapped
28%
2018 Freaky Friday
28%
2002 Get a Clue
28%
2005 Go Figure
28%
2009 Hatching Pete
28%
2007 Johnny Kapahala: Back on Board
28%
2008 Minutemen
28%
2004 Pixel Perfect
28%
2000 The Color of Friendship
28%
1999 The Thirteenth Year
28%
2002 Double Teamed
24%
2003 Full-Court Miracle
24%
2005 The Proud Family Movie
24%
1997 | 2021 Under Wraps
24%
1998 Brink!
21%
1999 Don't Look Under the Bed
21%
2003 Eddie's Million Dollar Cook-Off
21%
2023 Prom Pact
21%
2000 Quints
21%
2004 Tiger Cruise
21%
2022 Under Wraps 2
21%
2005 Kim Possible Movie: So the Drama
17%
2005 Life is Ruff
17%
2003 The Even Stevens Movie
17%
2000 The Ultimate Christmas Present
17%
2002 Gotta Kick it Up
14%
2005 Now You See It...
14%
2000 Phantom of the Megaplex
14%
2011 Phineas and Ferb the Movie: Across the 2nd Dimension
14%
2021 Spin
14%
2002 The Scream Team
14%
2001 'Twas the Night
14%
2003 You Wish!
14%
2005 Buffalo Dreams
10%
2004 Going to the Mat
10%
2001 Hounded
10%
2000 Miracle in Lane 2
10%
2000 Mom's Got a Date with a Vampire
10%
2001 Motocrossed
10%
2003 Right on Track
10%
2023 The Slumber Party
10%
2002 Tru Confessions
10%
2020 Upside Down Magic
10%
2000 Up, Up, and Away
10%
1998 You Lucky Dog
10%
2000 Alley Cats Strike
7%
2002 A Ring of Endless Light
7%
2024 Big City Greens The Movie: Spacecation
7%
1999 Can of Worms
7%
2021 Christmas...Again!?!
7%
2001 Jett Jackson: The Movie
7%
2000 Rip Girls
7%
2017 Tangled: Before Ever After
7%
1999 Genius
3%
1999 Horse Sense
3%
2001 Jumping Ship
3%
2000 Ready to Run
3%
2000 Stepsister from Planet Weird
3%
2001 The Jennie Project
3%
2023 The Naughty Nine
3%
2000 The Other Me
3%
2001 The Poof Point
3%
No matching quizzes found
Score Distribution
Percent of People with Each Score
Percentile by Number Answered
Your Score History
You have not taken this quiz since the last reset